Statistics for Townsville Largest Suburbs by Population

Click here to take the quiz!

General Stats

  • This quiz has been taken 17 times
  • The average score is 11 of 23

Answer Stats

Answer% Correct
Kirwan
93%
South Townsville
73%
Kelso
67%
Mundingburra
67%
Pimlico
60%
Annandale
60%
North Ward
60%
Garbutt
60%
Belgian Gardens
53%
Idalia
53%
Douglas
47%
Condon
47%
Hermit Park
47%
Hyde Park
47%
Rasmussen
40%
Heatley
40%
Currajong
40%
Mount Louisa
40%
Railway Estate
33%
Cranbrook
27%
Rowes Bay
20%
Rosslea
13%
Oonoonba
13%

Score Distribution

Percentile by Number Answered

Percent of People with Each Score

Your Score History

You have not taken this quiz